000 00858nam a2200253 i 4500
001 000016065
003 DO-SdBNP
005 20250724104118.0
007 ta
008 091125s2009 dr r 000 0 spa d
040 _aDO-SdBNP
_bspa
_cBNPHU
_erda
082 _axxx
_bR426L
_222
110 1 _aRepública Dominicana. Leyes etc.
_9447
240 1 0 _a[Leyes, etc.]
245 1 0 _aLey No. 491-08 procedimiento de casación ley No. 492-08, transferencia de la propiedad de vehículo, resolución No. 9-2009 tasas pos servicios de jurisdicción inmobiliaria
264 _aSanto Domingo :
_b[Editora no identificada],
_c[2009.]
300 _a18 paginas ;
_c22 cm.
336 _2rdacontent
_atexto
_btxt
337 _2rdamedia
_asin mediación
_bn
338 _2rdacarrier
_avolumen
_bnc
590 _aInventariado, 2025 / DG
910 _aDG
942 _2ddc
_cLF2
999 _c59628
_d59628